La realidad narrativa en la escritura académica (Registro nro. 57872)

Detalles MARC
000 -LDR (LÍDER)
fixed length control field 00722nam a22002297 4500
008 - FIXED-LENGTH DATA ELEMENTS--GENERAL INFORMATION
fixed length control field 241128r |||a|||gr|||| 00| 0 spa d
020 ## - ISBN
ISBN 9788411835558
040 ## - FUENTE DE CATALOGACIÓN
Agencia catalogadora original CO-BoRNBP
Idioma de la agencia catalogadora spa
Norma para la descripción rda
Agencia que transcribe CO-BoRNBP
245 03 - Título
Título La realidad narrativa en la escritura académica
Mención de responsabilidad traductor Mario Arteaga Valencia
250 ## - Edición
Edición Primera edición
264 #1 - Pie de imprenta
Ciudad de publicación Madrid, España
Editorial Tirant Humanidades
Año 2024
300 ## - Descripción física
Extensión 185 páginas
Dimensiones 22 cm.
336 ## - Tipo de Contenido
Tipo de contenido texto
Código de tipo de contenido txt
Fuente rdacontenido
337 ## - Tipo de Medio
Tipo de Medio sin mediación
Código de tipo de medio n
Fuente rdamedio
338 ## - Tipo de soporte
Tipo de soporte volumen
Código de tipo de soporte nc
Fuente rdasoporte
653 ## - Tema
Tema Escritura
653 ## - Tema
Tema Narrativa
700 1# - ASIENTO SECUNDARIO - NOMBRE PERSONAL
Nombre personal Arteaga Valencia, Mario
Término de relación, rol en la obra traductor
942 ## - Información adicional
Tipo de material LIbro
700 1# - ASIENTO SECUNDARIO - NOMBRE PERSONAL
-- 61922

No hay ítems disponibles.










Instituto Departamental de Cultura del Meta - Red Departamental de Bibliotecas Públicas del Meta.